Cheesy Toponyms, L-W Quiz Stats

 Plays Quiz not verified by Sporcle

Score 0/21 Timer 07:00
0 Plays Today
% Correct
Roma(no)
94.9%
Parmigiano-Reggiano (Parmesan)
86.4%
Swiss
84.7%
Oaxaca
83.1%
Manchego
81.4%
Monterey Jack
81.4%
Roquefort
79.7%
Limburger
67.8%
Lancashire
59.3%
Leicester (Red Leicester, Leicestershire)
59.3%
Nablusi
55.9%
% Correct
Lappi
54.2%
Samsø
52.5%
Stilton
52.5%
Wensleydale
50.8%
Single Gloucester
49.2%
Tilsit (Tilsiter)
42.4%
Molbo
39%
Morbier
35.6%
Neufchâtel
27.1%
Munster (Munster-géromé)
20.3%

You're not logged in!

Compare scores with friends on all Sporcle quizzes.
OR
Log In

Show Comments

Extras

Top Quizzes Today


Score Distribution

Your Account Isn't Verified!

In order to create a playlist on Sporcle, you need to verify the email address you used during registration. Go to your Sporcle Settings to finish the process.

Report this User

Report this user for behavior that violates our Community Guidelines.

Details: